000 00560nam a22001697a 4500
999 _c61163
_d61163
005 20231226145448.0
008 231226s1990 ru ||||| |||| 00| 0 rus d
020 _a5122019369
041 _arus
080 _a94(37) Ф-33
100 _aФедорова, Е. В.
_920496
245 _aЛюди императорского Рима /
_cЕ. В. Федорова.
264 _aМосква :
_bИздательство МГУ,
_c1990.
300 _a365 c.
_bил.
_c20 cm.
653 _aიმპერიული რომი
942 _2udc
_cᲬᲘᲒᲜᲘ